Movies Quiz

Random Movies or Song Quiz

Find the Disney Oscar Song Quiz Stats

 Plays Quiz not verified by Sporcle

Score 0/13 Timer 03:00
0 Plays Today
Question Answer Wrong Answers
Frozen Let It Go
94.1%
In Summer
0.4%
For the First Time in Forever
1.8%
Love Is an Open Door
1.1%
Aladdin A Whole New World
91.5%
Prince Ali
0.7%
Arabian Nights
1.9%
Friend Like Me
4.3%
Pocahontas Colors of the Wind
90.9%
Just Around the Riverbend
4.5%
Savages
1%
Steady As the Beating Drum
1.5%
Pinocchio When You Wish Upon a Star
89.3%
Give a Little Whistle
1.1%
Little Wooden Head
1.2%
I've Got No Strings
8.4%
Song of the South Zip-a-Dee-Doo-Dah
83.7%
Everybody's Got a Laughing Place
2.8%
Uncle Remus Said
0.7%
Song of the South
12.3%
Monsters, Inc. If I Didn't Have You
79.8%
Put That Thing Back Where It Came From Or So Help Me
9.8%
She's Out of Our Hair
6.2%
Kitty
1.9%
Tarzan You'll Be in My Heart
75.9%
Strangers Like Me
8.3%
Two Worlds
8.1%
Son of Man
5.5%
Beauty and the Beast Beauty and the Beast
68%
Be Our Guest
27.3%
Something There
2%
Belle
1.4%
Coco Remember Me
65.5%
Un Poco Loco
14.4%
The World Es Mi Familia
11.6%
Proud Corazón
5.8%
The Little Mermaid Under the Sea
65.2%
Part of Your World
27.9%
Poor Unfortunate Souls
0.9%
Kiss the Girl
5%
The Lion King Can You Feel the Love Tonight?
54.9%
Circle of Life
35.7%
Hakuna Matata
7.4%
Be Prepared
0.3%
Mary Poppins Chim Chim Cher-ee
35.2%
A Spoonful of Sugar
52%
Step in Time
2.9%
Let's Go Fly a Kite
9.4%
Toy Story 3 We Belong Together
33.1%
You've Got a Friend in Me
58.3%
Strange Things
2.8%
I Will Go Sailing No More
3.6%

You're not logged in!

Compare scores with friends on all Sporcle quizzes.
OR
Log In

You Might Also Like...

Show Comments

Extras

Top Quizzes Today


Score Distribution

Your Account Isn't Verified!

In order to create a playlist on Sporcle, you need to verify the email address you used during registration. Go to your Sporcle Settings to finish the process.

Report this User

Report this user for behavior that violates our Community Guidelines.

Details: